Quiz des logo de marques de voitures #3 - Statistiques

Statistiques générales
  • Ce quiz a été pris 403 fois
  • Le résultat moyen est 8 sur 8
Statistiques - réponses
Par images Réponse % Correct
Audi
99%
Ferrari
99%
Toyota
98%
Honda
96%
Mini
96%
Volkswagen
93%
Nissan
92%
Subaru
79%
Aucun quiz correspondant
Distribution des résultats
% des personnes avec chaque résultat
Percentile par nombre de réponses
Votre historique - résultats
Vous n’avez pas pris ce quiz